000 00410nam a2200157Ia 4500
008 200103s9999||||xx |||||||||||||| ||und||
020 _a007463258X
040 _aIMU-MPC
082 _aColumn-31
100 _aNagrath, I. J. and Kothari, D. P.
245 0 _aElectric Machines
250 _a2nd ed.
260 _bTata McGraw-Hill Publishing Company Ltd., New Delhi
_c1997
300 _axxii, 778
942 _cBK
999 _c7431
_d7431